my little pony name quiz- Sudden Death - Statistics

General Stats
  • This quiz has been taken 798 times
  • The average score is 3 of 6
Answers on the Grid
Answers color-coded by a green-red scale on the quiz's grid according to % correct below.
Twilight Sparkle
Rainbow Pie
Shiny Dusk
Lotus
Aloe
Cheese Sandwich
Harmonica Daze
Magical Juel
Bon Bon
Tree Hugger
 
Answer Stats
Answer % Correct
Twilight Sparkle
97%
Cheese Sandwich
49%
Bon Bon
42%
Tree Hugger
35%
Aloe
23%
Lotus
20%
No matching quizzes found
Score Distribution
Percent of People with Each Score
Percentile by Number Answered
Your Score History
You have not taken this quiz